00545nam a22001937a 4500010001300000020001500013035001300028037001800041040001200059082001300071245007400084260004200158270003600200300002200236650002600258650001900284650003100303700001700334 aA-759248 a0192142445 aA-759248 bCen Lib / Ret aDPLbEN a082bOXF aThe oxford dictionary of humorous quotations /cedited by Ned Sherrin aOxfordbOxford University Pressc1995 aOxford University PressbOxford a543p ; b24cm(Hb) aQuotations, English.  aWit and humor. aHumorismo -- Diccionarios. aSherrin, Ned